[Event "Voronezh Region Chess Club Championship 2011"]
[Site "Voronezh (Russia)"]
[Date "2011.11.24"]
[Round "3.14"]
[White "Chernyshova, Natalia"]
[Black "Poluektova, Anastasia"]
[Result "1-0"]
[WhiteElo "2071"]
[BlackElo "1598"]
[Annotator ""]
[Source ""]
[Remark ""]

1.e4 c5 2.Nf3 a6 3.c3 d5 4.exd5 Qxd5 5.d4 Nc6 6.Be3 cxd4 7.cxd4
Nf6 8.Be2 e6 9.Nc3 Qd6 10.Qd2 Be7 11.Rd1 Nd5 12.O-O O-O 13.Nxd5
Qxd5 14.b3 b5 15.Ne1 Bb7 16.Bf3 Qd7 17.Nd3 Rfd8 18.Nc5 Bxc5 19.dxc5
Qc7 20.Qc3 e5 21.Rfe1 f6 22.h3 Ne7 23.Bxb7 Qxb7 24.Rd6 Rxd6 25.cxd6
Nd5 26.Qd3 Nxe3 27.Qxe3 Rd8 28.Rd1 Kf7 29.f4 e4 30.f5 Qc6 31.Qd4
Rd7 32.Qd5+ Qxd5 33.Rxd5 g6 34.g4 gxf5 35.gxf5 Kg7 36.Kf2 Kf8
37.Ke3 Kg7 38.Kxe4 Kh6 39.Rd3 Kg5 40.h4+ Kxh4 41.Kd5 Kg5 42.Ke6
Rd8 43.Ke7 1-0

[Event "Voronezh Region Chess Club Championship 2011"]
[Site "Voronezh (Russia)"]
[Date "2011.11.24"]
[Round "3.16"]
[White "Korotchenkov, Victor"]
[Black "Ognerubova, Anastasia"]
[Result "0-1"]
[WhiteElo "1636"]
[BlackElo "2036"]
[Annotator ""]
[Source ""]
[Remark ""]

1.b3 b6 2.Bb2 c5 3.c4 Bb7 4.Nf3 e6 5.e3 Nf6 6.Bd3 g6 7.Nc3 Bg7
8.Qc2 Nc6 9.O-O-O d5 10.h3 O-O 11.Rhg1 a6 12.h4 Nb4 13.Qb1 d4
14.exd4 cxd4 15.Ne4 Nxa2+ 16.Qxa2 Bxe4 17.Bxe4 Nxe4 18.d3 Nc5
19.g4 b5 20.h5 Rb8 21.Kb1 bxc4 22.bxc4 Qb6 23.g5 Na4 24.Rd2 Nc3+ 0-1

[Event "Voronezh Region Chess Club Championship 2011"]
[Site "Voronezh (Russia)"]
[Date "2011.11.24"]
[Round "3.17"]
[White "Lazarev, Alexandr"]
[Black "Filippov, Vladimir"]
[Result "1-0"]
[WhiteElo "2007"]
[BlackElo "2027"]
[Annotator ""]
[Source ""]
[Remark ""]

1.e4 d6 2.d4 Nf6 3.Nc3 g6 4.Nf3 c6 5.g3 Bg7 6.Bg2 O-O 7.O-O Qc7
8.e5 dxe5 9.Nxe5 Nbd7 10.Bf4 Nh5 11.Nxg6 Nxf4 12.Nxf8 Nxf8 13.gxf4
Qxf4 14.d5 Bg4 15.Qc1 Qf5 16.Qe3 Ng6 17.Be4 Qh5 18.f4 Rd8 19.Bf3
cxd5 20.Bxg4 Qxg4+ 21.Qg3 Qf5 22.Kh1 Bh6 23.Rf2 Bxf4 24.Qf3 e5
25.Nxd5 e4 26.Ne7+ Nxe7 27.Qxf4 Qxf4 28.Rxf4 f5 29.Kg2 Kf7 30.Rh4
Rd2+ 31.Kg3 Rxc2 32.Rxh7+ Kf6 33.Rh6+ Ng6 34.h4 Ke5 35.Rh7 f4+
36.Kh3 Nf8 37.Re7+ Kd6 38.Rxe4 1-0

[Event "Voronezh Region Chess Club Championship 2011"]
[Site "Voronezh (Russia)"]
[Date "2011.11.25"]
[Round "4.1"]
[White "Lukovnikov, Alexander"]
[Black "Manukovsky, Vladimir"]
[Result "1-0"]
[WhiteElo "2314"]
[BlackElo "2234"]
[Annotator ""]
[Source ""]
[Remark ""]

1.e4 e6 2.Nf3 b6 3.Nc3 Bb7 4.d4 c5 5.Bd3 d6 6.O-O Nd7 7.d5 e5
8.Nd2 Ngf6 9.Nc4 a6 10.a4 Be7 11.f4 O-O 12.Ra3 Bc8 13.Rb3 Rb8
14.Qe2 Ne8 15.Qh5 Ndf6 16.Qf3 Qc7 17.Kh1 Bd7 18.fxe5 dxe5 19.Nxe5
Bd6 20.Nc4 Bxh2 21.e5 b5 22.axb5 axb5 23.d6 Qd8 24.exf6 bxc4
25.Rxb8 Qxb8 26.Bxh7+ Kxh7 27.Qh5+ Kg8 28.Nd5 Bxd6 29.fxg7 Kxg7
30.Bh6+ Kg8 31.Nf6+ Nxf6 32.Qg5+ 1-0

[Event "Voronezh Region Chess Club Championship 2011"]
[Site "Voronezh (Russia)"]
[Date "2011.11.25"]
[Round "4.2"]
[White "Manelis, Vladimir"]
[Black "Provkin, Vladimir"]
[Result "0-1"]
[WhiteElo "2283"]
[BlackElo "2233"]
[Annotator ""]
[Source ""]
[Remark ""]

1.e4 c5 2.c3 Nf6 3.e5 Nd5 4.d4 cxd4 5.Nf3 e6 6.cxd4 b6 7.Nc3
Nxc3 8.bxc3 Qc7 9.Bd2 Bb7 10.Bd3 d6 11.Ng5 dxe5 12.Nxh7 Nc6 13.Ng5
O-O-O 14.Nf3 Kb8 15.Rc1 f6 16.Qe2 Bd6 17.h3 g5 18.dxe5 Nxe5 19.Nxe5
Bxe5 20.Be4 Bf4 0-1

[Event "Voronezh Region Chess Club Championship 2011"]
[Site "Voronezh (Russia)"]
[Date "2011.11.25"]
[Round "4.4"]
[White "Kostin, Alexey"]
[Black "Kornilov, Peter"]
[Result "1-0"]
[WhiteElo "2333"]
[BlackElo "2034"]
[Annotator ""]
[Source ""]
[Remark ""]

1.e4 c5 2.Nf3 Nc6 3.b3 e5 4.c3 Nf6 5.Bd3 d5 6.exd5 Nxd5 7.O-O
Bg4 8.Re1 Qf6 9.Be4 O-O-O 10.d4 Bxf3 11.Bxf3 cxd4 12.b4 Nb6 13.b5
Na5 14.cxd4 exd4 15.Nd2 Bb4 16.Ne4 Qe5 17.Bd2 Bxd2 18.Qxd2 Qxb5
19.Qf4 f5 20.Rac1+ Nac4 21.Nd6+ Rxd6 22.Qxd6 Qd7 23.Bxb7+ Qxb7
24.Re7 Qxe7 25.Qxe7 Rd8 26.Qxa7 d3 27.Qxb6 1-0

[Event "Voronezh Region Chess Club Championship 2011"]
[Site "Voronezh (Russia)"]
[Date "2011.11.25"]
[Round "4.5"]
[White "Peschansky, Mikhail"]
[Black "Volk, Sergey"]
[Result "1-0"]
[WhiteElo "2289"]
[BlackElo "2020"]
[Annotator ""]
[Source ""]
[Remark ""]

1.c4 c5 2.Nc3 Nf6 3.g3 d5 4.cxd5 Nxd5 5.Bg2 Nc7 6.Nf3 Nc6 7.O-O
e5 8.d3 Be7 9.Nd2 O-O 10.Nc4 f6 11.f4 exf4 12.gxf4 Be6 13.Be3
Nd5 14.Bd2 Qd7 15.Kh1 Rad8 16.Rc1 Rfe8 17.Ne4 Nd4 18.Ng3 Bf8
19.f5 Nxf5 20.Nxf5 Bxf5 21.e4 Bg4 22.Qb3 Nb4 23.Bxb4 Be6 24.Bc3
b5 25.e5 Qxd3 26.exf6 bxc4 27.Qb7 Rd7 28.Qc6 gxf6 29.Rce1 Qd6
30.Qf3 f5 31.Qh5 Ree7 32.Be5 Qd2 33.Bf4 Qxb2 34.Be5 Qd2 35.Bf4
Qd4 36.Re3 Bd5 37.Rg3+ Rg7 38.Qxf5 Bxg2+ 39.Rxg2 Qd5 40.Qxf8+
Kxf8 41.Bd6+ 1-0

[Event "Voronezh Region Chess Club Championship 2011"]
[Site "Voronezh (Russia)"]
[Date "2011.11.25"]
[Round "4.6"]
[White "Grishchenko, Vladimir"]
[Black "Avtsynov, Artyom"]
[Result "1-0"]
[WhiteElo "2093"]
[BlackElo "2011"]
[Annotator ""]
[Source ""]
[Remark ""]

1.e4 d6 2.d4 g6 3.Nf3 Bg7 4.Nc3 Nf6 5.Bd3 O-O 6.O-O Nc6 7.h3
e5 8.dxe5 Nxe5 9.Nxe5 dxe5 10.Qf3 c6 11.Rd1 Qe7 12.Bf1 Be6 13.a3
Rfd8 14.Be3 b6 15.Kh2 Ne8 16.g3 Nd6 17.b3 Rac8 18.a4 f5 19.a5
fxe4 20.Nxe4 Rf8 21.Qh1 Bd5 22.Bg2 Nf5 23.axb6 Nxe3 24.fxe3 axb6
25.Qe1 Bxe4 26.Bxe4 Rf6 27.Qe2 Rcf8 28.Rf1 Qb4 29.Rxf6 Rxf6 30.Ra4
Qd6 31.Rc4 c5 32.Ra4 Rf8 33.c4 Bh6 34.Kg2 Qf6 35.h4 Kh8 36.Ra1
Kg8 37.Rd1 Kh8 38.Bd5 Kg7 39.Be4 Kh8 40.Rh1 Bg7 41.g4 Qd6 42.h5
g5 43.Rd1 Qe7 44.Qc2 Bf6 45.Bf5 Qg7 46.h6 Qxh6 47.Rh1 1-0

[Event "Voronezh Region Chess Club Championship 2011"]
[Site "Voronezh (Russia)"]
[Date "2011.11.25"]
[Round "4.7"]
[White "Sokolovsky, Victor"]
[Black "Kuzmin, Vitaly"]
[Result "1-0"]
[WhiteElo "2037"]
[BlackElo "1832"]
[Annotator ""]
[Source ""]
[Remark ""]

1.e4 c6 2.d4 d5 3.exd5 cxd5 4.c4 Nf6 5.Nc3 dxc4 6.Bxc4 e6 7.Nf3
Be7 8.O-O O-O 9.Bg5 a6 10.Qe2 b5 11.Bb3 Bb7 12.Rad1 Nd5 13.Bxd5
Bxd5 14.Bxe7 1-0

[Event "Voronezh Region Chess Club Championship 2011"]
[Site "Voronezh (Russia)"]
[Date "2011.11.25"]
[Round "4.8"]
[White "Chernov, Vladimir"]
[Black "Chernyshova, Natalia"]
[Result "0-1"]
[WhiteElo "2018"]
[BlackElo "2071"]
[Annotator ""]
[Source ""]
[Remark ""]

1.e4 c5 2.Nf3 Nc6 3.d4 cxd4 4.Nxd4 d6 5.Nc3 Bd7 6.Bb5 Nf6 7.Bg5
e6 8.O-O Be7 9.Be3 O-O 10.f4 a6 11.Nxc6 bxc6 12.Ba4 d5 13.e5
Ne8 14.Rf3 g6 15.g4 Ng7 16.Ne2 c5 17.c3 Bxa4 18.Qxa4 Qc7 19.Re1
f5 20.g5 Qb7 21.Bc1 Rfd8 22.Rd3 Ne8 23.Qd1 c4 24.Rh3 Bc5+ 25.Nd4
Bxd4+ 26.Qxd4 Qa7 27.Qxa7 Rxa7 28.Rf3 Rb7 29.Rf2 Rdb8 30.Kg2
Kf7 31.Kf3 Rb5 32.h4 Ng7 33.Rh2 Ra5 34.a3 Rb3 35.Be3 Nh5 36.Rd1
Ke7 37.Bc1 Kd7 38.Rd4 Kc6 39.Rd1 Rab5 40.Rd4 Rb7 41.Rd1 Ng7 42.Rdd2
Ne8 43.h5 Rg7 44.Rd1 Nc7 45.Be3 Rb8 46.h6 Rd7 47.Bd4 Rb3 48.Rdd2
a5 49.Ke2 a4 50.Ke3 Nb5 51.Rc2 Rb7 52.Rhe2 Rb8 53.Kf2 Nc7 54.Ke3
Nb5 55.Kf2 Nxd4 56.cxd4 Rh3 57.Kg1 Rbb3 58.Rh2 Rxh2 0-1

[Event "Voronezh Region Chess Club Championship 2011"]
[Site "Voronezh (Russia)"]
[Date "2011.11.25"]
[Round "4.10"]
[White "Testova, Victoria"]
[Black "Ioffe, Evgeny"]
[Result "1/2-1/2"]
[WhiteElo "1960"]
[BlackElo "2068"]
[Annotator ""]
[Source ""]
[Remark ""]

1.e4 c6 2.d4 d5 3.exd5 cxd5 4.c4 Nf6 5.Nc3 g6 6.cxd5 Nxd5 7.Bc4
Nb6 8.Bb3 Bg7 9.Nf3 Nc6 10.d5 Na5 11.O-O O-O 12.Bg5 h6 13.Bf4
Bg4 14.h3 Bxf3 15.Qxf3 Nbc4 16.Qe2 Rc8 17.Rac1 Nxb3 18.axb3 Nd6
19.Rfe1 Re8 20.Nb5 Rxc1 21.Rxc1 a6 22.Nxd6 exd6 23.Qd2 Kh7 24.Qb4
Bxb2 25.Rc2 Be5 26.Qxb7 Re7 27.Qb4 a5 28.Qd2 Qb6 29.Rc6 Qxb3
30.Bxe5 Rxe5 31.Rxd6 Qb4 32.Qxb4 axb4 33.Rb6 Rxd5 34.Rxb4 1/2-1/2

[Event "Voronezh Region Chess Club Championship 2011"]
[Site "Voronezh (Russia)"]
[Date "2011.11.25"]
[Round "4.11"]
[White "Ognerubova, Anastasia"]
[Black "Zhileykin, Andrey"]
[Result "1-0"]
[WhiteElo "2036"]
[BlackElo "1845"]
[Annotator ""]
[Source ""]
[Remark ""]

1.e4 d5 2.exd5 Nf6 3.Nc3 Nxd5 4.Bc4 Nxc3 5.Qf3 e6 6.Qxc3 Qf6
7.Bb5+ c6 8.Qxf6 gxf6 9.Be2 Nd7 10.b3 Rg8 11.g3 Bg7 12.Bb2 f5
13.d4 Bh6 14.f4 Nf6 15.Nf3 Ng4 16.Ne5 Nxe5 17.dxe5 Bd7 18.Bd4
Bf8 19.Bf3 Ba3 20.Rd1 b6 21.c3 Be7 22.a4 Rc8 23.Kf2 c5 24.Be3
Bc6 25.Bxc6+ Rxc6 26.Rd2 Rc7 27.Rhd1 h5 28.b4 cxb4 29.cxb4 Rg6
30.a5 b5 31.Bc5 Bxc5+ 32.bxc5 h4 33.Rd8+ Ke7 34.c6 hxg3+ 35.hxg3
Rh6 36.R1d7+ Rxd7 37.Rxd7+ Ke8 38.Kg2 f6 39.Rxa7 b4 40.Ra8+ Kf7
41.c7 b3 42.c8Q 1-0

[Event "Voronezh Region Chess Club Championship 2011"]
[Site "Voronezh (Russia)"]
[Date "2011.11.25"]
[Round "4.14"]
[White "Polyansky, Viktor"]
[Black "Belov, Yury"]
[Result "1-0"]
[WhiteElo "2006"]
[BlackElo "1746"]
[Annotator ""]
[Source ""]
[Remark ""]

1.e4 d6 2.d4 a6 3.f4 c5 4.d5 e6 5.dxe6 Bxe6 6.Nf3 Be7 7.Nc3 Bg4
8.Bc4 Bh4+ 9.Kf1 Nc6 10.h3 Bh5 11.g4 Bg6 12.f5 Bg3 13.Kg2 Be5
14.fxg6 hxg6 15.Rf1 Nf6 16.g5 Qd7 17.Ng1 Bd4 18.gxf6 gxf6 19.Qf3
f5 20.exf5 Ne5 21.Re1 O-O-O 22.Rxe5 gxf5 23.Rxf5 f6 24.Be3 1-0

[Event "Voronezh Region Chess Club Championship 2011"]
[Site "Voronezh (Russia)"]
[Date "2011.11.25"]
[Round "4.18"]
[White "Poluektova, Anastasia"]
[Black "Korotchenkov, Victor"]
[Result "1/2-1/2"]
[WhiteElo "1598"]
[BlackElo "1636"]
[Annotator ""]
[Source ""]
[Remark ""]

1.e4 e6 2.d4 b6 3.Nf3 Bb7 4.Bd3 c5 5.c3 Nc6 6.O-O Nh6 7.Re1 Be7
8.d5 Na5 9.c4 Ba6 10.b3 d6 11.Bb2 e5 12.Nbd2 Bc8 13.Nf1 Bg4 14.h3
Bh5 15.Ng3 Bg6 16.Bc1 Ng8 17.Nh2 h5 18.f4 Bh4 19.Nhf1 exf4 20.Bxf4
Qf6 21.Qd2 O-O-O 22.Rad1 Nb7 23.e5 dxe5 24.Bxe5 Qg5 25.Qxg5 Bxg5
26.Bxg6 fxg6 27.Bxg7 Rh7 28.Bc3 Rf7 29.Re6 Nf6 30.Rde1 Rdf8 31.Bxf6
Bxf6 32.Re8+ Kd7 33.Rxf8 Rxf8 34.Ne2 Re8 35.Kf2 Nd6 36.Nd2 Bg5
37.Nf3 Be3+ 38.Kf1 g5 39.g4 Rf8 40.Kg2 h4 41.Nc3 Re8 42.Nd1 Bf4
43.Rxe8 Kxe8 44.Nf2 b5 45.cxb5 Nxb5 46.Nd3 Be3 47.a4 Nd4 48.Nxd4
cxd4 49.Kf3 Kd7 50.Ke4 Kd6 51.Ne1 Bf2 52.Nc2 d3 53.Kxd3 Kxd5
54.b4 Bb6 55.Ne3+ Bxe3 56.Kxe3 Kc4 57.Ke4 Kxb4 58.Kf5 Kxa4 59.Kxg5
a5 60.Kxh4 Kb4 61.g5 a4 62.g6 a3 63.g7 a2 64.g8Q a1Q 65.Qf8+
Kc4 66.Qf7+ Kc5 1/2-1/2

[Event "Voronezh Region Chess Club Championship 2011"]
[Site "Voronezh (Russia)"]
[Date "2011.11.26"]
[Round "5.1"]
[White "Provkin, Vladimir"]
[Black "Lukovnikov, Alexander"]
[Result "1/2-1/2"]
[WhiteElo "2233"]
[BlackElo "2314"]
[Annotator ""]
[Source ""]
[Remark ""]

1.d4 f5 2.Bg5 Nf6 3.Bxf6 exf6 4.e3 d5 5.Bd3 Be6 6.Nd2 Nc6 7.a3
Bd6 8.Qf3 Qd7 9.Ne2 Ne5 10.dxe5 fxe5 11.e4 fxe4 12.Nxe4 dxe4
13.Bxe4 Rf8 14.Qe3 O-O-O 15.O-O Kb8 16.Rad1 Qe7 1/2-1/2

[Event "Voronezh Region Chess Club Championship 2011"]
[Site "Voronezh (Russia)"]
[Date "2011.11.26"]
[Round "5.3"]
[White "Grishchenko, Vladimir"]
[Black "Peschansky, Mikhail"]
[Result "0-1"]
[WhiteElo "2093"]
[BlackElo "2289"]
[Annotator ""]
[Source ""]
[Remark ""]

1.e4 e6 2.d3 d5 3.Nd2 c5 4.g3 Nc6 5.Bg2 Nf6 6.Ngf3 Qc7 7.O-O
Be7 8.Re1 h6 9.h3 b6 10.e5 Nd7 11.Qe2 Bb7 12.c3 g5 13.Nf1 O-O-O
14.a3 Rdg8 15.b4 h5 16.b5 Na5 17.N3d2 Nf8 18.Rb1 Ng6 19.Nb3 Nxb3
20.Rxb3 c4 21.dxc4 Qxc4 22.Qxc4+ dxc4 23.Bxb7+ Kxb7 24.Rb1 Rc8
25.Re4 Rc5 26.Be3 Rxe5 27.Rxc4 Rd5 28.a4 Ne5 29.Re4 Rc8 30.Bd4
Nf3+ 31.Kg2 Nxd4 32.cxd4 Rc4 33.Ne3 Rdxd4 34.Nxc4 Rxe4 35.Rc1
Bc5 36.Kf3 f5 37.Rc2 g4+ 38.hxg4 hxg4+ 39.Kg2 Kc7 40.a5 bxa5
41.Nd2 Re5 42.Nc4 Rd5 43.Ne3 Kb6 44.Nxd5+ exd5 45.f3 a4 46.fxg4
fxg4 47.Kf1 a3 48.Ke1 Bd4 49.Ra2 Bb2 0-1

[Event "Voronezh Region Chess Club Championship 2011"]
[Site "Voronezh (Russia)"]
[Date "2011.11.26"]
[Round "5.4"]
[White "Manukovsky, Vladimir"]
[Black "Sokolovsky, Victor"]
[Result "1-0"]
[WhiteElo "2234"]
[BlackElo "2037"]
[Annotator ""]
[Source ""]
[Remark ""]

1.d4 Nf6 2.Nf3 e6 3.Bg5 Be7 4.Nbd2 O-O 5.e4 d5 6.Bxf6 Bxf6 7.e5
Be7 8.Bd3 c5 9.c3 Nc6 10.dxc5 f6 11.exf6 Bxf6 12.Qc2 h6 13.O-O-O
b6 14.Bb5 Qc7 15.Nb3 Bd7 16.Qe2 a6 17.Bd3 a5 18.cxb6 Qxb6 19.Qe3
Qc7 20.Nc5 Rfe8 21.Nxd7 Qxd7 22.Rhe1 a4 23.Bg6 Re7 24.Bc2 Qb7
25.Qd3 Rb8 26.b3 axb3 27.axb3 Qa7 28.Kd2 Qxf2+ 29.Re2 Qc5 30.Re3
d4 31.cxd4 Nxd4 32.Qh7+ Kf8 33.Bg6 Qa5+ 34.Kd3 Rxb3+ 35.Ke4 Rxe3+
36.Kxe3 Nf5+ 37.Kf4 Rc7 38.Kg4 Nh4 39.Qh8+ Ke7 40.Qe8# 1-0

[Event "Voronezh Region Chess Club Championship 2011"]
[Site "Voronezh (Russia)"]
[Date "2011.11.26"]
[Round "5.5"]
[White "Lazarev, Alexandr"]
[Black "Manelis, Vladimir"]
[Result "0-1"]
[WhiteElo "2007"]
[BlackElo "2283"]
[Annotator ""]
[Source ""]
[Remark ""]

1.e4 c5 2.Nf3 e6 3.d4 cxd4 4.Nxd4 Qb6 5.Nb3 Nc6 6.Be3 Qc7 7.Nc3
a6 8.a4 Bb4 9.Be2 Nf6 10.Qd3 d5 11.exd5 Nxd5 12.Bd2 Bxc3 13.bxc3
O-O 14.Qg3 Qe7 15.Bf3 f5 16.Bxd5 exd5+ 17.Qe3 Qf7 18.O-O f4 19.Qf3
Ne5 20.Qd1 f3 21.Nd4 Qg6 22.g3 Qg4 0-1

[Event "Voronezh Region Chess Club Championship 2011"]
[Site "Voronezh (Russia)"]
[Date "2011.11.26"]
[Round "5.7"]
[White "Serdjukov, Sergey"]
[Black "Ognerubova, Anastasia"]
[Result "1/2-1/2"]
[WhiteElo "2070"]
[BlackElo "2036"]
[Annotator ""]
[Source ""]
[Remark ""]

1.d4 Nf6 2.Nf3 d5 3.c4 dxc4 4.e3 a6 5.a4 e6 6.Bxc4 c5 7.O-O Qc7
8.Qe2 Nc6 9.Nc3 Bd7 10.Rd1 Be7 11.h3 O-O 12.dxc5 Bxc5 13.e4 Be8
14.e5 Nd7 15.Bf4 Nb6 16.Bb3 Na5 17.Bc2 f5 18.Nd4 Qe7 19.Nb3 Nxb3
20.Bxb3 Bc6 21.a5 Nd7 22.Na4 Kh8 23.Qh5 Ba7 24.Rd6 Bxa4 25.Bxa4
Nc5 26.Be3 1/2-1/2

[Event "Voronezh Region Chess Club Championship 2011"]
[Site "Voronezh (Russia)"]
[Date "2011.11.26"]
[Round "5.8"]
[White "Ioffe, Evgeny"]
[Black "Polyansky, Viktor"]
[Result "1-0"]
[WhiteElo "2068"]
[BlackElo "2006"]
[Annotator ""]
[Source ""]
[Remark ""]

1.e4 c6 2.d4 d5 3.Nd2 dxe4 4.Nxe4 Nf6 5.Nxf6+ gxf6 6.Nf3 Bg4
7.c3 e6 8.Bf4 Bd6 9.Bxd6 Qxd6 10.Be2 Nd7 11.Qd2 O-O-O 12.O-O-O
Kb8 13.Rhe1 c5 14.h3 Bxf3 15.Bxf3 cxd4 16.Qxd4 Qxd4 17.Rxd4 Ne5
18.Rxd8+ Rxd8 19.Be4 h5 20.Rd1 Rxd1+ 21.Kxd1 f5 22.Bc2 Kc7 23.h4
Kd6 24.Ke2 b5 25.f4 Nd7 26.Ke3 Nf6 27.g3 Kd5 28.Bd1 Kc5 29.Kd3
a5 30.Bf3 a4 31.b4+ axb3 32.axb3 Ng4 33.b4+ Kd6 34.c4 e5 35.c5+
Ke6 36.fxe5 Kxe5 37.Bxg4 fxg4 38.Ke3 f5 39.Ke2 Ke6 40.Kd2 Kf6
41.Kd3 Ke7 42.Ke3 Kf6 43.Kf4 Ke6 44.c6 Kd6 45.Kxf5 Kxc6 46.Kg5
Kd5 47.Kxh5 Kc4 48.Kxg4 Kxb4 1-0

[Event "Voronezh Region Chess Club Championship 2011"]
[Site "Voronezh (Russia)"]
[Date "2011.11.26"]
[Round "5.9"]
[White "Kornilov, Peter"]
[Black "Testova, Victoria"]
[Result "1/2-1/2"]
[WhiteElo "2034"]
[BlackElo "1960"]
[Annotator ""]
[Source ""]
[Remark ""]

1.Nf3 Nf6 2.c4 c5 3.Nc3 e6 4.g3 b6 5.Bg2 Bb7 6.O-O d6 7.Re1 Be7
8.e4 a6 9.d4 cxd4 10.Nxd4 Qc7 11.Qe2 O-O 12.Be3 Nbd7 13.Rac1
Rfe8 14.f4 g6 15.Kh1 Rac8 16.b3 Qb8 17.Bg1 Nc5 18.b4 Ncd7 19.a3
Bd8 20.Nf3 Qa8 21.Qd3 Bc7 22.Rc2 Bb8 23.Rce2 Red8 24.Nd2 Bc6
25.a4 a5 26.bxa5 Nc5 27.Bxc5 dxc5 28.Qc2 Qxa5 29.e5 Bxg2+ 30.Rxg2
Nh5 31.Rf1 Qa6 32.Nb5 Ng7 33.g4 Ne8 34.Ne4 Kg7 35.g5 Rd7 36.Qb3
Rcd8 37.Nbd6 Bxd6 38.exd6 Qb7 39.Qc3+ Kg8 40.Nf2 Rxd6 41.Ng4
Rd1 42.Nh6+ Kf8 43.Qh8+ Ke7 44.Ng8+ Kf8 45.Nf6+ Ke7 46.Qxe8+
Rxe8 47.Rxd1 1/2-1/2

[Event "Voronezh Region Chess Club Championship 2011"]
[Site "Voronezh (Russia)"]
[Date "2011.11.26"]
[Round "5.10"]
[White "Volk, Sergey"]
[Black "Popov, Kirill"]
[Result "0-1"]
[WhiteElo "2020"]
[BlackElo "1895"]
[Annotator ""]
[Source ""]
[Remark ""]

1.Nf3 Nf6 2.g3 g6 3.c4 Bg7 4.Bg2 O-O 5.O-O d6 6.d4 Nbd7 7.Nc3
e5 8.e4 c6 9.b3 Re8 10.Bb2 a5 11.Qc2 exd4 12.Nxd4 Nc5 13.Rad1
Qb6 14.Rfe1 a4 15.h3 a3 16.Ba1 Na6 17.Qd2 Qa5 18.Qf4 Nh5 19.Qd2
Nf6 20.Nf3 Nd7 21.Nd4 Nf6 22.Nf3 Nd7 23.Nd4 Nf6 24.Nd5 Qxd2 25.Nxf6+
Bxf6 26.Rxd2 d5 27.cxd5 cxd5 28.e5 Rxe5 29.Rxe5 Bxe5 30.Re2 Bf6
31.Bxd5 Nc7 32.Bg2 Bf5 33.Bxb7 Rd8 34.Nxf5 Rd1+ 35.Kg2 Rxa1 36.Ne7+
Kf8 37.Nd5 Nxd5 38.Bxd5 Rb1 39.Kf3 Rb2 40.Rxb2 axb2 41.Be4 Ke7
42.Bb1 Bd4 43.Ke2 Kd7 44.f3 Kc6 45.a3 Be5 46.g4 Bd6 47.Bc2 Kd5
48.a4 Kd4 49.Bb1 Kc3 0-1

[Event "Voronezh Region Chess Club Championship 2011"]
[Site "Voronezh (Russia)"]
[Date "2011.11.26"]
[Round "5.11"]
[White "Kuzmin, Vitaly"]
[Black "Chernov, Vladimir"]
[Result "0-1"]
[WhiteElo "1832"]
[BlackElo "2018"]
[Annotator ""]
[Source ""]
[Remark ""]

1.d4 d5 2.Nf3 Nf6 3.Bf4 Nh5 4.Be5 Nd7 5.h3 Nxe5 6.Nxe5 g6 7.e3
c6 8.Be2 Nf6 9.O-O Bg7 10.c4 O-O 11.a3 Ne4 12.Nf3 Qb6 13.b4 dxc4
14.Bxc4 a5 15.Nbd2 Nd6 16.bxa5 Rxa5 17.Bd3 Be6 18.Qc2 Qa7 19.Qb2
Ra8 20.Ng5 Rxg5 0-1

[Event "Voronezh Region Chess Club Championship 2011"]
[Site "Voronezh (Russia)"]
[Date "2011.11.26"]
[Round "5.12"]
[White "Avtsynov, Artyom"]
[Black "Klimentov, Evgeny"]
[Result "0-1"]
[WhiteElo "2011"]
[BlackElo "1760"]
[Annotator ""]
[Source ""]
[Remark ""]

1.e4 c5 2.c3 d5 3.exd5 Qxd5 4.d4 Nf6 5.Nf3 Bg4 6.Be2 e6 7.Be3
cxd4 8.cxd4 Nc6 9.Nc3 Qd6 10.O-O Be7 11.h3 Bh5 12.Qd2 O-O 13.Rfd1
Rfd8 14.Bf4 Qd7 15.Ne5 Nxe5 16.Bxe5 Bxe2 17.Qxe2 Rac8 18.Qd3
Nd5 19.Ne4 f6 20.Bg3 Rc6 21.h4 Nb4 22.Qb3 Nc2 23.Nc5 Nxa1 24.Rxa1
Bxc5 25.dxc5 Rxc5 0-1

[Event "Voronezh Region Chess Club Championship 2011"]
[Site "Voronezh (Russia)"]
[Date "2011.11.26"]
[Round "5.13"]
[White "Koshelev, Vladimir"]
[Black "Artemov, Nikita"]
[Result "0-1"]
[WhiteElo "1936"]
[BlackElo "1968"]
[Annotator ""]
[Source ""]
[Remark ""]

1.Nf3 f5 2.d3 d6 3.e4 e5 4.Bg5 Be7 5.h4 Nf6 6.Nc3 Nc6 7.Qd2 h6
8.Bxf6 Bxf6 9.Nd5 Be6 10.Nxf6+ Qxf6 11.exf5 Bxf5 12.O-O-O O-O-O
13.d4 Bg4 14.Be2 Bxf3 15.Bxf3 Nxd4 16.Bg4+ Kb8 17.f3 h5 18.Bh3
Qxh4 19.c3 Nc6 20.Bg4 Qf6 21.Rxh5 Rxh5 22.Bxh5 Rh8 23.Bg4 Qh6
24.Qxh6 Rxh6 25.Kd2 Ne7 26.Ke3 c6 27.c4 Kc7 28.b4 d5 29.a4 Rd6
30.c5 Rf6 31.g3 Rh6 32.b5 Rh2 33.f4 e4 34.f5 Rc2 35.b6+ axb6
36.cxb6+ Kxb6 0-1

[Event "Voronezh Region Chess Club Championship 2011"]
[Site "Voronezh (Russia)"]
[Date "2011.11.26"]
[Round "5.14"]
[White "Filippov, Vladimir"]
[Black "Kozlov, Sergej A."]
[Result "0-1"]
[WhiteElo "2027"]
[BlackElo "1741"]
[Annotator ""]
[Source ""]
[Remark ""]

1.Nf3 d5 2.c4 e6 3.b3 c5 4.e3 Nc6 5.Bb2 Nf6 6.g3 dxc4 7.bxc4
b6 8.Qa4 Bd7 9.Qb3 Rc8 10.Bg2 Be7 11.O-O O-O 12.d3 Ne8 13.a3
Bf6 14.Nc3 Ne5 15.Nxe5 Bxe5 16.Rad1 Bc6 17.f4 Bxg2 18.Kxg2 Bf6
19.Ne4 Bxb2 20.Qxb2 Nd6 21.Nxd6 Qxd6 22.Qf2 Rcd8 23.Qc2 Rd7 24.Rf3
Rfd8 25.e4 Qc6 26.f5 exf5 27.Rxf5 Rd4 28.Rd5 Qg6 29.Qe2 Qe6 30.a4
R4xd5 31.cxd5 Rxd5 32.a5 Rd4 33.axb6 axb6 34.Ra1 h6 35.Ra2 b5
36.Rb2 Qd7 37.Qe3 Rxd3 38.Qxc5 Rd2+ 39.Rxd2 Qxd2+ 40.Kf3 Qd3+
41.Kf4 Qb3 42.h4 b4 43.h5 Qc3 44.Qxc3 bxc3 45.Ke3 f5 46.Kd3 fxe4+
47.Kxc3 Kf7 48.Kd4 Kf6 49.Kxe4 Kg5 50.Kf3 Kxh5 51.Kf4 g6 52.Kf3
g5 53.Kg2 Kg4 54.Kh2 Kf3 55.Kh3 g4+ 56.Kh4 h5 0-1

[Event "Voronezh Region Chess Club Championship 2011"]
[Site "Voronezh (Russia)"]
[Date "2011.11.27"]
[Round "6.1"]
[White "Peschansky, Mikhail"]
[Black "Lukovnikov, Alexander"]
[Result "1-0"]
[WhiteElo "2289"]
[BlackElo "2314"]
[Annotator ""]
[Source ""]
[Remark ""]

1.d4 f5 2.g3 Nf6 3.Bg2 d6 4.d5 e5 5.dxe6 c6 6.Nf3 Bxe6 7.O-O
Be7 8.Nd4 Qd7 9.Nxe6 Qxe6 10.Nd2 d5 11.c4 O-O 12.cxd5 cxd5 13.Nf3
Nc6 14.Be3 Rfd8 15.Nd4 Nxd4 16.Bxd4 Ne4 17.Rc1 b6 18.Qd3 Rac8
19.Qa6 Qd7 20.e3 Rc7 21.Rfd1 Rdc8 22.Rxc7 Rxc7 23.Qd3 Qc6 24.Be5
Rc8 25.Bxe4 fxe4 26.Qxd5+ Qxd5 27.Rxd5 Rc5 28.Rxc5 Bxc5 29.g4
Kf7 30.Kg2 g6 31.Kg3 Ke6 32.Bb8 a6 33.Kf4 Kd5 34.Kg5 Bf8 35.Kf6
Bb4 36.Kg7 Ke6 37.Kxh7 Kf7 38.h4 Kf6 39.g5+ Kf5 40.Kg7 Be1 41.Bg3
Bd2 42.Kf7 Bc1 43.b3 Bb2 44.h5 gxh5 45.g6 Kg4 46.g7 Bxg7 47.Kxg7
Kg5 48.Kf7 Kf5 49.Ke7 b5 50.b4 1-0

[Event "Voronezh Region Chess Club Championship 2011"]
[Site "Voronezh (Russia)"]
[Date "2011.11.26"]
[Round "6.2"]
[White "Chuprikov, Dmitry"]
[Black "Provkin, Vladimir"]
[Result "1/2-1/2"]
[WhiteElo "2406"]
[BlackElo "2233"]
[Annotator ""]
[Source ""]
[Remark ""]

1.d4 Nf6 2.c4 g6 3.Nc3 Bg7 4.e4 d6 5.Nf3 O-O 6.Be2 e5 7.Be3 Ng4
8.Bg5 f6 9.Bh4 g5 10.Bg3 Nh6 11.c5 g4 12.Nd2 Nc6 13.dxe5 dxe5
14.Bc4+ Kh8 15.Nb3 f5 16.exf5 Nxf5 1/2-1/2

[Event "Voronezh Region Chess Club Championship 2011"]
[Site "Voronezh (Russia)"]
[Date "2011.11.27"]
[Round "6.5"]
[White "Ognerubova, Anastasia"]
[Black "Grishchenko, Vladimir"]
[Result "1-0"]
[WhiteElo "2036"]
[BlackElo "2093"]
[Annotator ""]
[Source ""]
[Remark ""]

1.e4 e6 2.d4 c5 3.Nf3 cxd4 4.Nxd4 a6 5.c4 Nf6 6.Nc3 Qc7 7.Be2
Nc6 8.Be3 b6 9.O-O Bb7 10.f3 Nxd4 11.Bxd4 Bc5 12.Kh1 Bxd4 13.Qxd4
e5 14.Qe3 d6 15.b4 O-O 16.Rac1 Rfb8 17.Rc2 a5 18.Nb5 Qe7 19.bxa5
bxa5 20.Rd1 Rd8 21.Rcd2 Ra6 22.Qa3 Ne8 23.c5 Rc6 24.Nxd6 Nxd6
25.cxd6 Qf6 26.Bb5 Rcc8 27.d7 Ra8 28.Rd6 Qe7 29.Qc3 h5 30.Qc7
Rab8 31.Rb6 1-0